| 000 | 00855nam a22002291i 4500 | ||
|---|---|---|---|
| 001 | 000030420 | ||
| 003 | RuMoIPM | ||
| 005 | 20260427112742.0 | ||
| 008 | 120628s1975----ru | c rus | ||
| 040 |
_aRuMoIPM _brus _ercr |
||
| 041 | 0 | _arus | |
| 080 | _a51:9 | ||
| 080 | _a51-7 | ||
| 100 | 1 | _aМиронов, Борис Николаевич | |
| 245 | 1 |
_aИсторик и математика _b(Математические методы в историческом исследовании) _cБ. Н. Миронов, З. В. Степанов ; АН СССР |
|
| 260 |
_aЛенинград _bНаука _c1975 |
||
| 300 | _a184 с. | ||
| 490 | 0 | _aСовременные тенденции развития науки | |
| 504 | _aБиблиогр.: с. 180-182 | ||
| 700 | 1 | _aСтепанов, Захарий Васильевич | |
| 942 | _cBK | ||
| 999 |
_c30420 _d30420 |
||